| 000 | 00666nam a2200193 a 4500 | ||
|---|---|---|---|
| 999 |
_c1226 _d1226 |
||
| 003 | BD-JhCC | ||
| 005 | 20220518134021.0 | ||
| 008 | 171016s1974 bg |||| |||| 000 0 ben d | ||
| 035 | _a(BD-JhCC) | ||
| 040 |
_aBD-JhCC _dBD-JhCC |
||
| 041 | _aben | ||
| 082 |
_a891.443 _bCHA 1974 |
||
| 100 | _aচট্টোপধ্যায়, বঙ্কিমচন্দ্র | ||
| 245 |
_aবিষবৃক্ষ / _cবঙ্কিমচন্দ্র চট্টোপধ্যায় |
||
| 260 |
_aঢাকা: _bমুক্তধারা, _c১৯৭৪ |
||
| 300 |
_a১৪৮ পৃ.; _c২২ সে.মি. |
||
| 650 | _aBengali Novel | ||
| 942 |
_2ddc _cBK _01 |
||